Plato the man and his work
Αποθηκεύτηκε σε:
| Κύριος συγγραφέας: | |
|---|---|
| Μορφή: | Βιβλίο |
| Γλώσσα: | Αγγλικά |
| Έκδοση: |
Londres
Methuen
1966
|
| Σειρά: | University paperbacks
|
| Θέματα: | |
| Ετικέτες: |
Προσθήκη ετικέτας
Δεν υπάρχουν, Καταχωρήστε ετικέτα πρώτοι!
|
MARC
| LEADER | 00000nam a2200000 a 4500 | ||
|---|---|---|---|
| 001 | UCY6270 | ||
| 003 | CL-VaPUC | ||
| 008 | 950521e19660000UK |||||||||||||||||eng|d | ||
| 082 | 0 | 4 | |a 184 |b TAY |2 21 |
| 100 | 0 | |a Taylor, Alfred Edward |e author |9 336126 | |
| 245 | 1 | 0 | |a Plato the man and his work |
| 300 | |a 562 p | ||
| 942 | |c BK | ||
| 945 | |d 19950521 00:00:00 |a oaravena | ||
| 260 | |a Londres |b Methuen |c 1966 | ||
| 650 | 0 | |a Filosofía |9 223554 | |
| 650 | 0 | |a Filosofía antigua |9 255705 | |
| 650 | 0 | |a Platonismo |9 265673 | |
| 650 | 7 | |a HOMBRE |2 CL-VaPUC |9 262149 | |
| 650 | 0 | |a Trabajo |9 313876 | |
| 651 | 0 | |a Grecia |9 265314 | |
| 583 | |a last modification |c 19950521 00:00:00 |k Rodrigo Vera | ||
| 490 | 0 | |a University paperbacks | |
| 999 | |c 233848 |d 233846 | ||
| 952 | |0 0 |1 0 |4 0 |6 184_000000000000000_TAY_1966 |7 0 |8 P |9 239641 |a BIBEDU |b BIBEDU |d 2019-11-18 |i 1506501 |l 1 |m 2 |o 184 TAY 1966 |p 1506501 |r 2024-07-11 |s 2024-07-01 |w 2019-11-18 |y BK |k FIL | ||